Word Ladder: High School Dances Quiz Stats

 Plays Quiz Updated Sep 25, 2012

Support Sporcle.
Go Orange.
Score 0/20 Timer 02:00
0 Plays Today
Hint Answer % Correct
Become largerGROW
93.8%
Glimmer and shineGLOW
89.3%
Italy's 'Eternal City'ROME
87.9%
Block of hayBALE
87.9%
Speed for a turtle⋆SLOW⋆
86.9%
Baseball's plate⋆HOME⋆
86.2%
Swiss cheese gapHOLE
85.9%
Dress-shopping locationMALL
85.6%
Formal dance; comedienne Lucille⋆BALL⋆
85.5%
Spring dance⋆PROM⋆
81.2%
Hint Answer % Correct
Chip's buddyDALE
79.8%
1996 Presidential loserDOLE
75%
Ship's bowPROW
74.4%
Narrow openingSLOT
74.4%
Shed feathersMOLT
72.6%
Ash residueSOOT
72%
UnimportantMOOT
64.5%
Babe, in the 20'sMOLL
64.1%
An overnight dance party⋆RAVE⋆
52.4%
WanderROVE
51.6%

Today's Daily Dose

Word Ladder
Math Aid

Get the Picture
Warrior Women

You're not logged in!

Compare scores with friends on all Sporcle quizzes.
OR
Log In
Forgot?

From the Vault

'Like' Song Titles

by JoeBeta

Music 5m
This quiz brought to you by Facebook (not really).
Remove Ads.
Support Sporcle.
Get the best of Sporcle when you Go Orange. This ad-free experience offers more features, more stats, and more fun while also helping to support Sporcle. Thank you for becoming a member.

Show Comments

Extras

Top Quizzes Today


Score Distribution

Your Account Isn't Verified!

In order to create a playlist on Sporcle, you need to verify the email address you used during registration. Go to your Sporcle Settings to finish the process.

Report this User

Report this user for behavior that violates our Community Guidelines.

Details: